[Event "Forchheim op 10th"]
[Site "Forchheim"]
[Date "2011.10.08"]
[Round "2"]
[White "Myagkov, Kirill"]
[Black "Van Ginkel, M Pieter"]
[Result "1-0"]
[WhiteElo "1841"]
[BlackElo "2244"]
[PlyCount "65"]
[EventDate "2011.10.07"]
[EventType "swiss"]
[EventRounds "5"]
[EventCountry "GER"]
[SourceTitle "CBM 144 Extra"]
[Source "ChessBase"]
[SourceDate "2011.10.28"]
[SourceVersion "1"]
[SourceVersionDate "2011.10.28"]
[SourceQuality "1"]

1. e4 d6 2. d4 Nf6 3. Bd3 e5 4. c3 Be7 5. Nf3 Nbd7 6. Bg5 0-0 7. Nbd2 Re8 8. 0-0 c6 9. Qc2 Qc7 10. dxe5 dxe5 11. Bc4 Nf8 12. Rad1 Nh5 13. Be3 Ng6 14. Ng5 Bxg5 15. Bxg5 Nhf4 16. Nf3 Bg4 17. Be2 Nxe2+ 18. Qxe2 h6 19. Bc1 Nh4 20. Qe3 Bxf3 21. gxf3 Re6 22. Kh1 Rf6 23. Rg1 Rd8 24. Rdf1 Rxf3 25. Rxg7+ Kxg7 26. Qxh6+ Kg8 27. Qxh4 Rdd3 28. Rg1+ Kf8 29. Bh6+ Ke8 30. Rg8+ Kd7 31. Qg4+ Ke7 32. Bf8+ Kf6 33. Rh8 1-0

[Event "Nuremberg Zabo op 13th"]
[Site "Nuremberg"]
[Date "2011.09.18"]
[Round "4"]
[White "Van Ginkel, M Pieter"]
[Black "Wittmann, Paul"]
[Result "1-0"]
[WhiteElo "2170"]
[BlackElo "1987"]
[PlyCount "85"]
[EventDate "2011.09.16"]
[EventType "swiss"]
[EventRounds "5"]
[EventCountry "GER"]
[SourceTitle "EXT 2013"]
[Source "ChessBase"]
[SourceDate "2012.11.22"]
[SourceVersion "1"]
[SourceVersionDate "2012.11.22"]
[SourceQuality "1"]

1. d4 d5 2. Nf3 Nf6 3. c4 c6 4. Nc3 dxc4 5. a4 Na6 6. e3 Bg4 7. Bxc4 e6 8. 0-0 Nb4 9. a5 Be7 10. Qb3 Bxf3 11. gxf3 0-0 12. Ne4 Nxe4 13. fxe4 b5 14. Be2 c5 15. Bxb5 cxd4 16. Rd1 e5 17. exd4 exd4 18. Bf4 Qc8 19. Rac1 Qg4+ 20. Qg3 Qxg3+ 21. hxg3 a6 22. Bf1 Rfd8 23. Bc7 d3 24. Bxd8 Rxd8 25. Rc3 d2 26. Bh3 Rd4 27. Rc7 Kf8 28. Rd7 Nc6 29. Rxd2 Rxd2 30. Rxd2 Nxa5 31. Bc8 Nc4 32. Rc2 Nd6 33. e5 Ne4 34. Bxa6 g6 35. Bb7 Nc5 36. Bd5 Nd3 37. f4 h5 38. Rd2 Nb4 39. Be4 Na6 40. Kg2 Nc5 41. Kf3 Ne6 42. Bd5 Nc5 43. b4 1-0

[Event "Latschach op 27th"]
[Site "Latschach"]
[Date "2011.08.19"]
[Round "8"]
[White "Stopa, Jacek"]
[Black "Van Ginkel, M Pieter"]
[Result "1-0"]
[WhiteElo "2474"]
[BlackElo "2217"]
[PlyCount "51"]
[EventDate "2011.08.13"]
[EventType "swiss"]
[EventRounds "9"]
[EventCountry "AUT"]
[SourceTitle "CBM 143 Extra"]
[Source "ChessBase"]
[SourceDate "2011.08.29"]
[SourceVersion "1"]
[SourceVersionDate "2011.08.29"]
[SourceQuality "1"]

1. d4 d5 2. Nf3 Nf6 3. g3 e6 4. Bg2 c5 5. c4 Nc6 6. 0-0 Be7 7. dxc5 Bxc5 8. a3 0-0 9. b4 Be7 10. Qc2 dxc4 11. Rd1 Qe8 12. Qxc4 Bd7 13. Bb2 Rc8 14. Qd3 e5 15. Nbd2 Rd8 16. Qc3 Bf5 17. Nc4 Nd5 18. Rxd5 Rxd5 19. Nfxe5 Nd4 20. Qe3 Nc2 21. Qf4 Be6 22. Bxd5 Nxa1 23. Bxe6 fxe6 24. Qg4 Nb3 25. Qxe6+ Kh8 26. Nd7 1-0

[Event "Latschach op 27th"]
[Site "Latschach"]
[Date "2011.08.16"]
[Round "5"]
[White "Malakhatko, Vadim"]
[Black "Van Ginkel, M Pieter"]
[Result "1-0"]
[WhiteElo "2548"]
[BlackElo "2217"]
[PlyCount "45"]
[EventDate "2011.08.13"]
[EventType "swiss"]
[EventRounds "9"]
[EventCountry "AUT"]
[SourceTitle "CBM 143 Extra"]
[Source "ChessBase"]
[SourceDate "2011.08.29"]
[SourceVersion "1"]
[SourceVersionDate "2011.08.29"]
[SourceQuality "1"]

1. d4 d5 2. c4 dxc4 3. e4 e5 4. Nf3 exd4 5. Bxc4 Nc6 6. 0-0 Be6 7. Bb5 Bc5 8. b4 Bb6 9. a4 a5 10. bxa5 Rxa5 11. Ng5 Qd7 12. Nd2 Nge7 13. Nxe6 Qxe6 14. Nc4 0-0 15. Nxa5 Nxa5 16. Ba3 c5 17. Rb1 Qa2 18. Qc1 Rd8 19. Bxc5 Bxc5 20. Qxc5 Nec6 21. Bxc6 Nxc6 22. Rxb7 Qxa4 23. Rc7 1-0

[Event "Regionalliga NO 1011"]
[Site "Bayern"]
[Date "2011.02.06"]
[Round "6.1"]
[White "Maurer, Heinrich"]
[Black "Van Ginkel, M Pieter"]
[Result "0-1"]
[WhiteElo "2029"]
[BlackElo "2205"]
[PlyCount "90"]
[EventDate "2010.10.10"]
[EventType "team-tourn"]
[EventRounds "9"]
[EventCountry "GER"]
[SourceTitle "EXT 2012"]
[Source "ChessBase"]
[SourceDate "2011.11.24"]
[SourceVersion "1"]
[SourceVersionDate "2011.11.24"]
[SourceQuality "1"]
[WhiteTeam "Kelheim II"]
[BlackTeam "Nuernberg Sued SW"]
[WhiteTeamCountry "GER"]
[BlackTeamCountry "GER"]

1. e4 d6 2. d4 Nf6 3. Nc3 g6 4. g3 Bg7 5. Bg2 0-0 6. Nge2 e5 7. 0-0 Nbd7 8. h3 Re8 9. Be3 a6 10. Qd2 exd4 11. Bxd4 Rb8 12. g4 b5 13. Ba7 Rb7 14. Be3 b4 15. Na4 h5 16. Bg5 hxg4 17. hxg4 Qe7 18. f3 Qe5 19. Rae1 Qa5 20. b3 Ne5 21. Bh6 Bh8 22. Nf4 Bd7 23. Nb2 Nfxg4 24. fxg4 Nxg4 25. Nd1 Qc5+ 26. Rf2 Nxh6 27. e5 Ng4 28. Bxb7 Rxe5 29. Rxe5 Nxe5 30. Ne3 c6 31. Bxa6 d5 32. Be2 Bg7 33. Nd3 Nxd3 34. Qxd3 Bd4 35. Rf3 Bf5 36. Qd2 Be4 37. Rh3 Bc3 38. Qd1 d4 39. Bd3 dxe3 40. Qe2 Qg5+ 41. Kf1 Qf5+ 42. Kg1 Bxd3 43. Qxe3 Be4 44. Rh2 Qg4+ 45. Kf2 Be5 0-1

[Event "Staufer op 23rd"]
[Site "Leinzell"]
[Date "2011.01.04"]
[Round "6"]
[White "Taras, Marian"]
[Black "Van Ginkel, M Pieter"]
[Result "1-0"]
[WhiteElo "2039"]
[BlackElo "2244"]
[PlyCount "41"]
[EventDate "2011.01.02"]
[EventType "swiss"]
[EventRounds "9"]
[EventCountry "GER"]
[SourceTitle "CBM 140 Extra"]
[Source "ChessBase"]
[SourceDate "2011.03.01"]
[SourceVersion "1"]
[SourceVersionDate "2011.03.01"]
[SourceQuality "1"]

1. d4 d5 2. c4 e6 3. Nc3 c5 4. cxd5 exd5 5. Nf3 Nc6 6. g3 Nf6 7. Bg2 Be7 8. 0-0 0-0 9. Bg5 b6 10. Qa4 Bd7 11. dxc5 bxc5 12. Bxf6 Bxf6 13. Nxd5 Bxb2 14. Rab1 Rb8 15. Qc2 Ba3 16. Rxb8 Qxb8 17. Ng5 f5 18. Rb1 Qd8 19. Qb3 Nd4 20. Nf6+ Kh8 21. Qg8+ 1-0

[Event "Staufer op 23rd"]
[Site "Leinzell"]
[Date "2011.01.03"]
[Round "4"]
[White "Arnold, Max"]
[Black "Van Ginkel, M Pieter"]
[Result "0-1"]
[WhiteElo "1986"]
[BlackElo "2244"]
[PlyCount "70"]
[EventDate "2011.01.02"]
[EventType "swiss"]
[EventRounds "9"]
[EventCountry "GER"]
[SourceTitle "CBM 140 Extra"]
[Source "ChessBase"]
[SourceDate "2011.03.01"]
[SourceVersion "1"]
[SourceVersionDate "2011.03.01"]
[SourceQuality "1"]

1. e4 d6 2. d4 Nf6 3. Nc3 g6 4. Be2 Bg7 5. Be3 c6 6. Qd2 Qa5 7. a3 Na6 8. Nf3 Ng4 9. Bg5 f6 10. Bh4 0-0 11. h3 Nh6 12. 0-0 Nf7 13. b4 Qc7 14. Rad1 Bd7 15. d5 Nb8 16. Nd4 a6 17. Bg4 Nd8 18. Nce2 c5 19. Bxd7 Nxd7 20. Ne6 Nxe6 21. dxe6 Nb6 22. Nc3 cxb4 23. axb4 Rfc8 24. Nd5 Nxd5 25. Qxd5 Qc6 26. c4 Qxd5 27. cxd5 Rc4 28. Rb1 Rxe4 29. Bg3 Rc4 30. Rfc1 Rac8 31. Rxc4 Rxc4 32. b5 a5 33. b6 f5 34. f3 a4 35. Rb5 Bc3 0-1

[Event "Regionalliga NO 1011"]
[Site "Bayern"]
[Date "2010.10.10"]
[Round "1.1"]
[White "Grafe, Wilhelm"]
[Black "Van Ginkel, M Pieter"]
[Result "1/2-1/2"]
[WhiteElo "2166"]
[BlackElo "2205"]
[PlyCount "31"]
[EventDate "2010.10.10"]
[EventType "team-tourn"]
[EventRounds "9"]
[EventCountry "GER"]
[SourceTitle "EXT 2012"]
[Source "ChessBase"]
[SourceDate "2011.11.24"]
[SourceVersion "1"]
[SourceVersionDate "2011.11.24"]
[SourceQuality "1"]
[WhiteTeam "Forchheim II"]
[BlackTeam "Nuernberg Sued SW"]
[WhiteTeamCountry "GER"]
[BlackTeamCountry "GER"]

1. Nf3 d5 2. d4 Nf6 3. g3 e6 4. Bg2 c5 5. 0-0 Nc6 6. c4 Be7 7. Nc3 0-0 8. cxd5 exd5 9. dxc5 Bxc5 10. Bg5 d4 11. Bxf6 Qxf6 12. Ne4 Qe7 13. Nxc5 Qxc5 14. Rc1 Qd6 15. Qd3 Bg4 16. Ng5 1/2-1/2

[Event "Latschach op 26th"]
[Site "Latschach"]
[Date "2010.08.19"]
[Round "7"]
[White "Van Ginkel, M Pieter"]
[Black "Mencinger, Vojko"]
[Result "1/2-1/2"]
[WhiteElo "2240"]
[BlackElo "2401"]
[PlyCount "56"]
[EventDate "2010.08.14"]
[EventType "swiss"]
[EventRounds "9"]
[EventCountry "AUT"]
[SourceTitle "CBM 138 Extra"]
[Source "ChessBase"]
[SourceDate "2010.10.29"]
[SourceVersion "1"]
[SourceVersionDate "2010.10.29"]
[SourceQuality "1"]

1. d4 Nf6 2. c4 e6 3. Nc3 Bb4 4. Nf3 b6 5. Bg5 Bb7 6. e3 h6 7. Bh4 g5 8. Bg3 Ne4 9. Qc2 Bxc3+ 10. bxc3 Nxg3 11. fxg3 Nc6 12. Bd3 Qe7 13. 0-0 g4 14. Nd2 0-0-0 15. c5 h5 16. cxb6 axb6 17. Nc4 Rdg8 18. a4 Rg5 19. Qf2 d5 20. Nd2 f5 21. Nb3 Qg7 22. a5 h4 23. axb6 cxb6 24. Qf4 Rgh5 25. Ba6 hxg3 26. Bxb7+ Qxb7 27. hxg3 Qc7 28. Kf2 Qxf4+ 1/2-1/2

[Event "Latschach op 26th"]
[Site "Latschach"]
[Date "2010.08.18"]
[Round "6"]
[White "Reinwald, Patrick"]
[Black "Van Ginkel, M Pieter"]
[Result "0-1"]
[WhiteElo "2086"]
[BlackElo "2240"]
[PlyCount "71"]
[EventDate "2010.08.14"]
[EventType "swiss"]
[EventRounds "9"]
[EventCountry "AUT"]
[SourceTitle "CBM 138 Extra"]
[Source "ChessBase"]
[SourceDate "2010.10.29"]
[SourceVersion "1"]
[SourceVersionDate "2010.10.29"]
[SourceQuality "1"]

1. d4 d5 2. c4 e6 3. Nc3 c5 4. cxd5 exd5 5. Nf3 Nc6 6. g3 Nf6 7. Bg2 Be7 8. 0-0 0-0 9. Bg5 b6 10. dxc5 bxc5 11. Ne1 Rb8 12. Qd2 Qb6 13. Nxd5 Nxd5 14. Bxd5 Bxg5 15. Qxg5 Nd4 16. e3 Ne2+ 17. Kg2 Qxb2 18. Nd3 Qc2 19. Ne5 Bf5 20. Ng4 Rb6 21. Ne5 Be4+ 22. Bxe4 Qxe4+ 23. f3 Qc2 24. Rf2 f6 25. Qh5 fxe5 26. Re1 Qxa2 27. Rexe2 Qe6 28. Rc2 Rb4 29. e4 c4 30. Qg5 Rb3 31. Qd2 Rc8 32. Qd5 Qxd5 33. exd5 Rd3 34. Ra2 Rc7 35. Rfc2 Rxd5 36. Kf2 0-1

[Event "Landesliga Nord 0910"]
[Site "Bayern"]
[Date "2009.12.13"]
[Round "4.1"]
[White "Zvara, Petr"]
[Black "Van Ginkel, M Pieter"]
[Result "1-0"]
[WhiteElo "2420"]
[BlackElo "2216"]
[PlyCount "41"]
[EventDate "2009.10.18"]
[EventType "team-tourn"]
[EventRounds "9"]
[EventCountry "GER"]
[SourceTitle "EXT 2011"]
[Source "ChessBase"]
[SourceDate "2010.11.26"]
[SourceVersion "1"]
[SourceVersionDate "2010.11.26"]
[SourceQuality "1"]
[WhiteTeam "Schwandorf"]
[BlackTeam "Nuernberg Sued SW"]
[WhiteTeamCountry "GER"]
[BlackTeamCountry "GER"]

1. e4 d6 2. d4 Nf6 3. Nc3 g6 4. f4 Bg7 5. Nf3 c5 6. Bb5+ Bd7 7. Bxd7+ Qxd7 8. d5 0-0 9. e5 dxe5 10. fxe5 Ng4 11. 0-0 Nxe5 12. Nxe5 Bxe5 13. Bh6 Rd8 14. Qf3 f6 15. Rae1 Bd4+ 16. Kh1 Na6 17. d6 Qxd6 18. Nb5 Qc6 19. Nxd4 cxd4 20. Rxe7 Re8 21. Qb3+ 1-0

[Event "Mittelfranken-ch HT 58th"]
[Site "Postbauer"]
[Date "2009.04.11"]
[Round "9.1"]
[White "Van Ginkel, M Pieter"]
[Black "Saathoff, Richard"]
[Result "1/2-1/2"]
[WhiteElo "2214"]
[BlackElo "2106"]
[PlyCount "21"]
[EventDate "2009.04.07"]
[EventType "swiss"]
[EventRounds "9"]
[EventCountry "GER"]
[SourceTitle "EXT 2011"]
[Source "ChessBase"]
[SourceDate "2010.11.26"]
[SourceVersion "1"]
[SourceVersionDate "2010.11.26"]
[SourceQuality "1"]

1. d4 Nf6 2. c4 g6 3. Nc3 Bg7 4. e4 d6 5. Nf3 0-0 6. Be2 e5 7. Be3 Na6 8. 0-0 Ng4 9. Bg5 Qe8 10. dxe5 dxe5 11. Ne1 1/2-1/2

[Event "Mittelfranken-ch HT 58th"]
[Site "Postbauer"]
[Date "2009.04.07"]
[Round "2.1"]
[White "Walter, Thomas"]
[Black "Van Ginkel, M Pieter"]
[Result "1-0"]
[WhiteElo "2096"]
[BlackElo "2214"]
[PlyCount "98"]
[EventDate "2009.04.07"]
[EventType "swiss"]
[EventRounds "9"]
[EventCountry "GER"]
[SourceTitle "EXT 2011"]
[Source "ChessBase"]
[SourceDate "2010.11.26"]
[SourceVersion "1"]
[SourceVersionDate "2010.11.26"]
[SourceQuality "1"]

1. e4 c5 2. Nf3 e6 3. b3 d5 4. exd5 exd5 5. Bb2 Nf6 6. Bb5+ Nc6 7. Qe2+ Qe7 8. Ne5 Bd7 9. Bxc6 Bxc6 10. Nxc6 Qxe2+ 11. Kxe2 bxc6 12. Bxf6 gxf6 13. Nc3 Rg8 14. g3 Bd6 15. f4 Kd7 16. Kf3 h5 17. d3 Rg6 18. Nd1 f5 19. Ne3 Ke6 20. Rae1 Kf6 21. Re2 Rag8 22. Ng2 Rg4 23. Ne3 R4g6 24. Ng2 Rg4 25. Rhe1 R4g7 26. Re8 Rg4 27. R1e2 R4g7 28. c4 d4 29. Nh4 Rg4 30. Re1 R4g7 31. Kf2 Rg4 32. Kf1 R4g7 33. Nf3 Rg6 34. Ng5 h4 35. Kf2 a5 36. Kf3 hxg3 37. hxg3 Rxg5 38. fxg5+ Rxg5 39. Rg1 Rh5 40. Ra8 f4 41. gxf4 Rh2 42. Rg2 Rh3+ 43. Rg3 Rh4 44. Rxa5 Rxf4+ 45. Ke2 Rh4 46. Rf3+ Ke6 47. Ra6 Rh1 48. Rf1 Rh3 49. Rxc6 Kd7 1-0

[Event "Regionalliga NO 0708"]
[Site "Bayern"]
[Date "2008.02.17"]
[Round "6.1"]
[White "Hlavac, Rudolf"]
[Black "Van Ginkel, M Pieter"]
[Result "1/2-1/2"]
[WhiteElo "2069"]
[BlackElo "2179"]
[PlyCount "79"]
[EventDate "2007.10.21"]
[EventType "team-tourn"]
[EventRounds "9"]
[EventCountry "GER"]
[SourceTitle "EXT 2009"]
[Source "ChessBase"]
[SourceDate "2008.11.26"]
[SourceVersion "1"]
[SourceVersionDate "2008.11.26"]
[SourceQuality "1"]
[WhiteTeam "Weiden"]
[BlackTeam "Nuernberg Sued SW"]
[WhiteTeamCountry "GER"]
[BlackTeamCountry "GER"]

1. e4 c5 2. Nf3 e6 3. d4 cxd4 4. Nxd4 Nf6 5. Bd3 Nc6 6. Be3 d5 7. Nxc6 bxc6 8. e5 Nd7 9. f4 Nc5 10. 0-0 Ba6 11. Bxa6 Nxa6 12. c3 Bc5 13. Bxc5 Nxc5 14. Kh1 Qb6 15. Qe2 0-0 16. b3 Ne4 17. Rf3 a5 18. Nd2 Nxd2 19. Qxd2 a4 20. b4 a3 21. Raf1 c5 22. f5 exf5 23. Rxf5 cxb4 24. Qxd5 Qe6 25. Qxe6 fxe6 26. Rxf8+ Rxf8 27. Rxf8+ Kxf8 28. cxb4 Ke7 29. Kg1 Kd7 30. Kf2 Kc6 31. Ke3 Kb5 32. Kd3 Kxb4 33. Kd4 g5 34. g4 h6 35. h3 Kb5 36. Kc3 Kc5 37. Kb3 Kd5 38. Kxa3 Kxe5 39. Kb3 Kf4 40. Kc3 1/2-1/2

[Event "Regionalliga NO 0708"]
[Site "Bayern"]
[Date "2007.11.25"]
[Round "3.1"]
[White "Van Ginkel, M Pieter"]
[Black "Schneider, David"]
[Result "1/2-1/2"]
[WhiteElo "2179"]
[BlackElo "2271"]
[PlyCount "85"]
[EventDate "2007.10.21"]
[EventType "team-tourn"]
[EventRounds "9"]
[EventCountry "GER"]
[SourceTitle "EXT 2009"]
[Source "ChessBase"]
[SourceDate "2008.11.26"]
[SourceVersion "1"]
[SourceVersionDate "2008.11.26"]
[SourceQuality "1"]
[WhiteTeam "Nuernberg Sued SW"]
[BlackTeam "Grossenseebach"]
[WhiteTeamCountry "GER"]
[BlackTeamCountry "GER"]

1. d4 Nf6 2. c4 e6 3. Nc3 Bb4 4. Nf3 b6 5. Bg5 Bb7 6. e3 h6 7. Bh4 g5 8. Bg3 Ne4 9. Qc2 d6 10. Bd3 Bxc3+ 11. bxc3 f5 12. d5 exd5 13. Nd4 dxc4 14. Bxc4 Qf6 15. f3 Nxg3 16. hxg3 Nd7 17. Qxf5 0-0-0 18. Be6 Qe5 19. Kf2 h5 20. Rae1 a6 21. f4 Qe4 22. Qxe4 Bxe4 23. Nf3 gxf4 24. exf4 Bb7 25. g4 hxg4 26. Bxg4 Rxh1 27. Rxh1 Kb8 28. Bxd7 Rxd7 29. Rh8+ Ka7 30. g4 Re7 31. Ng5 Bd5 32. a3 Bc4 33. f5 Re2+ 34. Kf3 Rc2 35. f6 Rxc3+ 36. Kf4 Rc1 37. Kf5 Rf1+ 38. Kg6 Rf4 39. Rh4 b5 40. Nh3 Rf3 41. g5 Rxa3 42. f7 Bxf7+ 43. Kxf7 1/2-1/2

[Event "Tilburg Stukkenjagers op-A"]
[Site "Tilburg"]
[Date "2006.08.19"]
[Round "2"]
[White "Van Ginkel, M Pieter"]
[Black "Dambacher, Martijn"]
[Result "0-1"]
[WhiteElo "2188"]
[BlackElo "2425"]
[PlyCount "48"]
[EventDate "2006.08.18"]
[EventType "swiss"]
[EventRounds "6"]
[EventCountry "NED"]
[SourceTitle "CBM 113 Extra"]
[Source "ChessBase"]
[SourceDate "2006.09.14"]
[SourceVersion "1"]
[SourceVersionDate "2006.09.14"]
[SourceQuality "1"]

1. d4 Nf6 2. c4 e6 3. Nc3 c5 4. d5 exd5 5. cxd5 d6 6. e4 g6 7. f4 Bg7 8. Bb5+ Nfd7 9. a4 0-0 10. Nf3 Na6 11. 0-0 Nc7 12. Bc4 a6 13. Re1 Re8 14. h3 Rb8 15. Qd3 b5 16. axb5 axb5 17. Nxb5 Nb6 18. Ra7 Nbxd5 19. Bxd5 Nxd5 20. Qxd5 Be6 21. Qxd6 Rxb5 22. Qc6 Qb8 23. Rc7 Rd8 24. Ne5 Rb6 0-1